[Event "Guernsey Open"]
[Site "Guernsey"]
[Date "2009.10.24"]
[Round "7"]
[White "Van Veenendaal, Elmer"]
[Black "Hamperl, Fred A"]
[Result "1/2-1/2"]
[WhiteElo "2120"]
[BlackElo "2046"]
[PlyCount "37"]
[EventDate "2009.10.18"]

1. d4 Nf6 2. Nf3 c5 3. e3 g6 4. c4 Bg7 5. Be2 O-O 6. d5 d6 7. O-O e6 8. Nc3
exd5 9. cxd5 a6 10. a4 Re8 11. h3 Nbd7 12. Qc2 Rb8 13. e4 Qe7 14. Re1 Nh5 15.
Nh2 Qh4 16. Nf3 Qe7 17. Nh2 Qh4 18. Nf3 Qe7 19. Nh2 1/2-1/2

[Event "Guernsey Open"]
[Site "Guernsey"]
[Date "2009.10.24"]
[Round "7"]
[White "Taylor, Mark V"]
[Black "Spanton, Timothy"]
[Result "1-0"]
[WhiteElo "2141"]
[BlackElo "2009"]
[PlyCount "103"]
[EventDate "2009.10.18"]

1. d4 d5 2. c4 e6 3. Nc3 Nf6 4. cxd5 exd5 5. Bg5 Be7 6. e3 O-O 7. Bd3 Nbd7 8.
Qc2 Re8 9. Nge2 Nf8 10. O-O Be6 11. Rad1 Nh5 12. Bxe7 Qxe7 13. f3 c5 14. dxc5
Qxc5 15. Nd4 Nf4 16. Bb5 Nh5 17. Bxe8 Rxe8 18. Qf2 Nf6 19. Rd2 N8d7 20. Rfd1
Nb6 21. e4 Nc4 22. Nxe6 Qxf2+ 23. Rxf2 fxe6 24. exd5 exd5 25. b3 Nb6 26. Re2
Rc8 27. Nb5 a6 28. Nd4 Kf7 29. Rde1 Rc7 30. Rc2 Rd7 31. Kf2 Ne8 32. g4 Nf6 33.
a4 Ne8 34. a5 Na8 35. Rc8 Nac7 36. Rc1 Re7 37. Rc5 Rd7 38. b4 Kf6 39. f4 Kf7
40. Kf3 Kf6 41. h4 Kf7 42. f5 Kf6 43. Ne6 Nxe6 44. fxe6 Re7 45. Rxd5 Kxe6 46.
Rd1 Rf7+ 47. Kg3 Nf6 48. Rc4 h6 49. g5 hxg5 50. hxg5 Nh5+ 51. Kg4 g6 52. Re4#
1-0

[Event "Guernsey Open"]
[Site "Guernsey"]
[Date "2009.10.24"]
[Round "7"]
[White "Van Voorthuijsen, Peewee"]
[Black "Prins, Jan"]
[Result "1-0"]
[WhiteElo "2300"]
[BlackElo "2069"]
[PlyCount "120"]
[EventDate "2009.10.18"]

1. d4 d5 2. Nf3 c6 3. c4 Nf6 4. Nc3 g6 5. e3 Bg7 6. Bd3 O-O 7. O-O b6 8. h3 Bb7
9. b4 dxc4 10. Bxc4 Nd5 11. Nxd5 cxd5 12. Be2 Nc6 13. Rb1 Qd6 14. Bd2 a6 15. a4
Nd8 16. Qb3 Ne6 17. Rfc1 Rfc8 18. Qd1 Rxc1 19. Rxc1 Qd7 20. Bd3 Rc8 21. Rxc8+
Qxc8 22. h4 Nc7 23. h5 Ne8 24. Qb1 Qg4 25. hxg6 hxg6 26. Qc2 Bf6 27. Ne5 Bxe5
28. dxe5 Qc8 29. Bc3 e6 30. Bd4 Qxc2 31. Bxc2 b5 32. a5 Kg7 33. g4 Bc6 34. Kh2
Kh6 35. Kg3 Ng7 36. Bb6 Ne8 37. Bd8 Kg7 38. Kf4 Bb7 39. Bd3 Kf8 40. e4 Ng7 41.
Ke3 Ne8 42. f3 Kg7 43. Kd4 dxe4 44. fxe4 f6 45. Kc5 fxe5 46. Kb6 Bc8 47. Kc6
Kf7 48. g5 Kf8 49. Bc7 Ke7 50. Bxe5 Kf7 51. Bc2 Ke7 52. Bf6+ Nxf6 53. gxf6+
Kxf6 54. Kc7 Ke5 55. Kxc8 g5 56. Kb7 Kd4 57. Bd1 Kxe4 58. Kxa6 Kf4 59. Kxb5 g4
60. Bxg4 Kxg4 1-0

[Event "Guernsey Open"]
[Site "Guernsey"]
[Date "2009.10.24"]
[Round "7"]
[White "Paardekam, Rene"]
[Black "Gant, Christopher"]
[Result "1/2-1/2"]
[WhiteElo "2072"]
[BlackElo "2235"]
[PlyCount "45"]
[EventDate "2009.10.18"]

1. d4 Nf6 2. c4 g6 3. Nc3 Bg7 4. e4 d6 5. Nf3 O-O 6. Be2 c6 7. O-O Qc7 8. h3
Nbd7 9. Be3 e5 10. Qd2 exd4 11. Nxd4 Re8 12. f3 b6 13. Rfd1 Bb7 14. Nc2 Bf8 15.
b4 Rad8 16. Rac1 Nb8 17. a3 Qe7 18. Bg5 Na6 19. Ne3 h6 20. Bh4 g5 21. Nf5 Qe6
22. Bg3 d5 23. Nd4 1/2-1/2

[Event "Guernsey Open"]
[Site "Guernsey"]
[Date "2009.10.24"]
[Round "7"]
[White "Bolt, Graham"]
[Black "Goater, Kevin"]
[Result "1/2-1/2"]
[WhiteElo "2054"]
[BlackElo "2168"]
[PlyCount "59"]
[EventDate "2009.10.18"]

1. g3 g6 2. Bg2 Bg7 3. d3 d6 4. a3 c5 5. e4 Nc6 6. Ne2 e6 7. Nbc3 Nge7 8. Be3
Rb8 9. O-O b6 10. Qd2 h5 11. h4 Ne5 12. f3 N7c6 13. Rae1 b5 14. b4 Nd4 15. Kh1
Nec6 16. Nd1 a5 17. bxc5 dxc5 18. c3 Nb3 19. Qc2 a4 20. f4 O-O 21. e5 Ne7 22.
Nc1 Nf5 23. Kh2 Bb7 24. Bxb7 Rxb7 25. Nxb3 axb3 26. Qxb3 Qxd3 27. Nf2 Qd7 28.
Bxc5 Rc8 29. Ne4 Qc6 30. Bb4 1/2-1/2

[Event "Guernsey Open"]
[Site "Guernsey"]
[Date "2009.10.24"]
[Round "7"]
[White "Lenier, Jude"]
[Black "Collier, David O"]
[Result "1/2-1/2"]
[WhiteElo "1828"]
[BlackElo "2125"]
[PlyCount "75"]
[EventDate "2009.10.18"]

1. e4 c6 2. d4 d5 3. e5 Bf5 4. Nf3 e6 5. Be2 Nd7 6. O-O Ne7 7. a3 c5 8. c3 Nc6
9. b4 cxd4 10. cxd4 Qb6 11. Bb2 Rc8 12. Re1 Nxb4 13. axb4 Bxb4 14. Rf1 Bc2 15.
Qc1 O-O 16. Ba3 Be4 17. Qb2 Bxa3 18. Qxb6 Nxb6 19. Nxa3 a6 20. Nd2 Bg6 21. Rfc1
Na4 22. Nac4 dxc4 23. Rxa4 c3 24. Nb3 c2 25. Nc5 b5 26. Rxa6 b4 27. h4 h5 28.
Bc4 Rcd8 29. Rd6 Ra8 30. Bb3 Ra3 31. Ra6 Rd8 32. Rxa3 bxa3 33. Bxc2 Bxc2 34.
Rxc2 Rxd4 35. Ra2 Rxh4 36. Rxa3 Rc4 37. Nd3 Kh7 38. Kh2 1/2-1/2

[Event "Guernsey Open"]
[Site "Guernsey"]
[Date "2009.10.24"]
[Round "7"]
[White "Mack, Wolfgang"]
[Black "Wood, Peter C"]
[Result "1-0"]
[WhiteElo "2257"]
[BlackElo "1914"]
[PlyCount "79"]
[EventDate "2009.10.18"]

1. e4 e6 2. Nc3 d5 3. g3 Nf6 4. Bg2 Nc6 5. d3 Bc5 6. Nge2 dxe4 7. Nxe4 Bb6 8.
Bg5 e5 9. Nxf6+ gxf6 10. Be3 Nd4 11. Qd2 Bh3 12. Bxb7 Rb8 13. Bxd4 Rxb7 14.
Bxb6 Rxb6 15. b3 Qd5 16. O-O-O a5 17. d4 Bg4 18. dxe5 Qxd2+ 19. Rxd2 fxe5 20.
Nc3 O-O 21. Nd5 Bf3 22. Re1 Rd6 23. Ne7+ Kh8 24. Rxe5 Re6 25. Rxe6 fxe6 26. Rd7
c6 27. Rd6 Rf6 28. Nxc6 Bxc6 29. Rxc6 Rxf2 30. Rxe6 Rxh2 31. Ra6 Rg2 32. Rxa5
Rxg3 33. Rd5 Kg7 34. a4 Kg6 35. a5 Kf6 36. a6 Rg7 37. b4 Ke6 38. Ra5 Ra7 39. b5
h5 40. b6 1-0

[Event "Guernsey Open"]
[Site "Guernsey"]
[Date "2009.10.24"]
[Round "7"]
[White "Reijneveld, Ad"]
[Black "Bakker, Joop"]
[Result "1-0"]
[WhiteElo "2185"]
[BlackElo "1996"]
[PlyCount "23"]
[EventDate "2009.10.18"]

1. e4 e5 2. Nf3 Nc6 3. Bb5 a6 4. Ba4 Bb4 5. c3 Ba5 6. d4 exd4 7. b4 Bb6 8. cxd4
Nxb4 9. d5 Qf6 10. e5 Qg6 11. O-O Qd3 12. a3 1-0

[Event "Guernsey Open"]
[Site "Guernsey"]
[Date "2009.10.24"]
[Round "7"]
[White "Von Saldern, Ruediger"]
[Black "Norman, Kenneth I"]
[Result "0-1"]
[WhiteElo "2040"]
[BlackElo "2182"]
[PlyCount "192"]
[EventDate "2009.10.18"]

1. d4 Nf6 2. Nf3 g6 3. Bg5 Bg7 4. e3 O-O 5. Be2 d6 6. O-O Nbd7 7. Nbd2 h6 8.
Bh4 e5 9. c3 Qe8 10. dxe5 dxe5 11. e4 Nh5 12. Bg3 Nxg3 13. hxg3 Nf6 14. Qc2 b6
15. Rfe1 Bb7 16. a4 a5 17. b4 Qe7 18. bxa5 Rxa5 19. Bb5 c6 20. Bd3 Nd7 21. Nb3
Ra7 22. a5 bxa5 23. Nxa5 Rfa8 24. Nb3 Nc5 25. Rxa7 Rxa7 26. Nxc5 Qxc5 27. Rb1
Bf8 28. Qb3 Kg7 29. Nd2 Bc8 30. Qc2 Be6 31. Nb3 Qd6 32. Kf1 Ra3 33. Ke2 Qd8 34.
c4 Qa8 35. Rb2 Qa7 36. Qc3 f6 37. Qc2 h5 38. Rb1 Ra2 39. Rb2 Rxb2 40. Qxb2 Qb6
41. Qc2 Kf7 42. Qa2 Bg4+ 43. Kf1 Be6 44. Ke2 Be7 45. Qa4 Bb4 46. Qa2 Bc3 47.
Nd2 Bd4 48. f3 Bg1 49. Kd1 Qe3 50. Qb3 Kg7 51. Be2 Qd4 52. Qd3 Qxd3 53. Bxd3
Bf2 54. Nf1 Kf7 55. Ke2 Bd4 56. Ne3 Bxe3 57. Kxe3 c5 58. f4 Ke7 59. Be2 Kd6 60.
f5 gxf5 61. exf5 Bxf5 62. Bxh5 Be6 63. Be2 f5 64. Bf1 Ke7 65. Be2 Kf6 66. g4
fxg4 67. g3 Bf5 68. Kd2 Kg5 69. Ke3 Bc2 70. Bf1 Kf5 71. Be2 Bb1 72. Bd1 Kg5 73.
Be2 Kf5 74. Bf1 Be4 75. Be2 Bh1 76. Bd1 Bg2 77. Be2 e4 78. Bd1 Bf1 79. Bb3 Bd3
80. Ba2 Bc2 81. Kd2 Ba4 82. Ke3 Ke5 83. Bb1 Bb3 84. Bxe4 Bxc4 85. Bc6 Be6 86.
Bb5 c4 87. Ba6 Kd5 88. Bb7+ Kc5 89. Be4 Kb4 90. Kd2 c3+ 91. Kc2 Kc4 92. Bd3+
Kd4 93. Bg6 Bd5 94. Kc1 Be4 95. Bh5 Bf5 96. Kd1 Ke3 0-1

[Event "Guernsey Open"]
[Site "Guernsey"]
[Date "2009.10.24"]
[Round "7"]
[White "Purdon, Colin"]
[Black "Gravett, Alan D"]
[Result "1-0"]
[WhiteElo "2102"]
[BlackElo "1909"]
[PlyCount "105"]
[EventDate "2009.10.18"]

1. d4 Nf6 2. c4 d6 3. Nc3 e5 4. Nf3 exd4 5. Nxd4 Be7 6. g3 O-O 7. Bg2 Nbd7 8.
Nf5 Ne5 9. Nxe7+ Qxe7 10. b3 h6 11. O-O a5 12. Bb2 Re8 13. Qc2 Nc6 14. Nd5 Nxd5
15. cxd5 Nb4 16. Qc3 f6 17. a3 Na6 18. Rfe1 Nc5 19. e4 Bg4 20. Re3 Bh5 21. Rae1
Qf8 22. f4 Bg6 23. g4 Re7 24. h4 Rae8 25. f5 Bf7 26. Qxa5 Bxd5 27. b4 b6 28.
Qb5 c6 29. Qe2 Nxe4 30. Qc2 Ng3 31. Bxd5+ cxd5 32. Qd3 Ne4 33. Qxd5+ Qf7 34.
Qc6 Nd2 35. Rxe7 Rxe7 36. Rxe7 Qxe7 37. Qd5+ Kh7 38. Qxd2 Qe4 39. Qf2 Qxg4+ 40.
Kh2 h5 41. Bd4 b5 42. Be3 d5 43. Qf4 Qe2+ 44. Kg3 Qe1+ 45. Bf2 Qd1 46. Qf3 Qd2
47. Qxh5+ Kg8 48. Qe8+ Kh7 49. Qh5+ Kg8 50. Qf3 d4 51. Qd5+ Kh7 52. Qxd4 Qe2
53. h5 1-0

[Event "Guernsey Open"]
[Site "Guernsey"]
[Date "2009.10.24"]
[Round "7"]
[White "Campbell, Eoin"]
[Black "Maruejols, Claude"]
[Result "1/2-1/2"]
[WhiteElo "1910"]
[BlackElo "2052"]
[PlyCount "123"]
[EventDate "2009.10.18"]

1. Nf3 Nf6 2. c4 g6 3. g3 Bg7 4. Bg2 O-O 5. O-O d5 6. cxd5 Nxd5 7. d4 c5 8. Nc3
cxd4 9. Nxd4 Nxc3 10. bxc3 Qa5 11. Qb3 Rd8 12. Bxb7 Bxb7 13. Qxb7 Qd5 14. Qxe7
Nc6 15. Nxc6 Qxc6 16. Be3 Re8 17. Qa3 Qxc3 18. Qxc3 Bxc3 19. Rac1 Be5 20. Rfd1
Re6 21. Rd7 Kg7 22. Rc5 Kf6 23. h4 Ree8 24. Rc6+ Kg7 25. Kg2 a6 26. Rb6 Reb8
27. Rxb8 Rxb8 28. Ra7 Rb2 29. Rxa6 Rxe2 30. a4 Ra2 31. a5 Bc7 32. h5 Rxa5 33.
h6+ Kf8 34. Rc6 Be5 35. f4 Ba1 36. Bc5+ Ke8 37. Rc7 Bf6 38. g4 Bd8 39. Rc6 Ra2+
40. Kf3 Rc2 41. Ke4 Rc4+ 42. Ke5 Be7 43. Kd5 Rxf4 44. Bb6 f5 45. Rc8+ Kf7 46.
Rh8 Bf6 47. Rxh7+ Kg8 48. Rd7 Rxg4 49. Ke6 Bb2 50. h7+ Kh8 51. Bc7 Re4+ 52. Kf7
Kxh7 53. Rd2 Bc1 54. Rh2+ Bh6 55. Bd8 Rg4 56. Be7 g5 57. Kf6 f4 58. Kf5 Rh4 59.
Rxh4 gxh4 60. Bxh4 Kg7 61. Kg4 Kf7 62. Bg3 1/2-1/2

[Event "Guernsey Open"]
[Site "Guernsey"]
[Date "2009.10.24"]
[Round "7"]
[White "Morris Hill, Ray"]
[Black "Hoare, Amy"]
[Result "1-0"]
[WhiteElo "2048"]
[BlackElo "1797"]
[PlyCount "133"]
[EventDate "2009.10.18"]

1. e4 e5 2. Nf3 Nc6 3. Nc3 Nf6 4. g3 Bc5 5. Bg2 d6 6. d3 a6 7. O-O O-O 8. Bg5
h6 9. Bxf6 Qxf6 10. Nd5 Qd8 11. c3 Ba7 12. h3 Be6 13. Ne3 Qd7 14. Kh2 f5 15.
exf5 Bxf5 16. Nxf5 Qxf5 17. Qb3+ Qf7 18. Qxb7 Na5 19. Qb4 Bb6 20. Qg4 Rab8 21.
b4 Nb7 22. Nd2 Qe7 23. Bd5+ Kh8 24. Kg2 Nd8 25. Nf3 Rf6 26. Nh4 Qe8 27. Rae1 g5
28. Nf3 c6 29. Bb3 Qf8 30. Qe4 Rb7 31. d4 Re7 32. Qd3 exd4 33. Rxe7 Qxe7 34.
Nxd4 Qb7 35. Qe4 Qd7 36. Re1 c5 37. Qe8+ Qxe8 38. Rxe8+ Kg7 39. Nf3 Nf7 40. Re7
Kf8 41. Rb7 Bd8 42. Bxf7 Rxf7 43. Rb8 Rd7 44. Ra8 cxb4 45. cxb4 Ke7 46. Rxa6
Rb7 47. a3 Bc7 48. Rc6 Kd7 49. Rc3 d5 50. Rd3 Ke6 51. Re3+ Kd7 52. Kf1 Bb6 53.
Rd3 Kd6 54. a4 Ba7 55. Rb3 d4 56. Ke2 Kd5 57. Nd2 Bb8 58. b5 Kc5 59. Rb2 Ba7
60. Kd3 Kd5 61. a5 Kc5 62. b6 Bb8 63. Nc4 Rf7 64. a6 Kd5 65. a7 Bxa7 66. bxa7
Rxa7 67. Re2 1-0

[Event "Guernsey Open"]
[Site "Guernsey"]
[Date "2009.10.24"]
[Round "7"]
[White "Morcom, Huw"]
[Black "Van Ingen, Ton"]
[Result "0-1"]
[WhiteElo "1965"]
[BlackElo "2068"]
[PlyCount "40"]
[EventDate "2009.10.18"]

1. e4 c5 2. Nf3 Nc6 3. Bb5 Nf6 4. Qe2 g6 5. c3 Bg7 6. O-O O-O 7. d3 d6 8. Nbd2
Qc7 9. Re1 Bd7 10. a4 e6 11. h3 Na5 12. Bxd7 Nxd7 13. Ra3 Nc6 14. Nf1 d5 15.
Ne3 d4 16. Ng4 f5 17. exf5 exf5 18. Qe6+ Kh8 19. Nh6 Nde5 20. Qd5 Nxd3 0-1

[Event "Guernsey Open"]
[Site "Guernsey"]
[Date "2009.10.24"]
[Round "7"]
[White "Staneland, Peter"]
[Black "Rowe, Peter"]
[Result "0-1"]
[WhiteElo "1705"]
[BlackElo "2039"]
[PlyCount "86"]
[EventDate "2009.10.18"]

1. Nf3 d5 2. d4 Nf6 3. c4 e6 4. Nc3 Nbd7 5. e3 Be7 6. Bd3 dxc4 7. Bxc4 c5 8.
O-O O-O 9. b3 Nb6 10. Bd3 cxd4 11. Nxd4 e5 12. Nde2 Bd7 13. Bb2 Bc6 14. Ng3 Bd6
15. Qe2 Nbd5 16. Rfd1 Qb6 17. Nce4 Bc7 18. Rac1 Rfe8 19. Nh5 Bd8 20. Nd6 Re6
21. Nc4 Qc7 22. Bf5 Re8 23. e4 Nf4 24. Nxf4 exf4 25. e5 g6 26. Qc2 Nh5 27. Bg4
Ng7 28. Nd6 Rf8 29. Qc4 h5 30. Bh3 Bg5 31. e6 fxe6 32. Bxe6+ Nxe6 33. Qxe6+ Kh7
34. Ne4 Kh6 35. Rxc6 Qxc6 36. Rd6 Qe8 37. Nxg5 Kxg5 38. h4+ Kh6 39. Qd5 Rd8 40.
Qxb7 Rg8 41. Rf6 Qe1+ 42. Kh2 Qxf2 43. Qf3 Qxf3 0-1

[Event "Guernsey Open"]
[Site "Guernsey"]
[Date "2009.10.24"]
[Round "7"]
[White "De Kruif, Kees"]
[Black "Muller, Anton"]
[Result "1/2-1/2"]
[WhiteElo "2053"]
[BlackElo "1951"]
[PlyCount "41"]
[EventDate "2009.10.18"]

1. b4 Nf6 2. Bb2 g6 3. e3 Bg7 4. Nf3 O-O 5. Be2 d6 6. O-O e5 7. d3 Nc6 8. b5
Ne7 9. c4 Bd7 10. Qc2 b6 11. Nbd2 Rc8 12. a4 c6 13. Rfd1 cxb5 14. axb5 Bxb5 15.
Qb3 Bd7 16. Rxa7 Rb8 17. Ra2 b5 18. Qa3 Ra8 19. Qb3 Rb8 20. Qa3 Ra8 21. Qb3
1/2-1/2

[Event "Guernsey Open"]
[Site "Guernsey"]
[Date "2009.10.24"]
[Round "7"]
[White "Pickersgill, Adrian"]
[Black "Carlucci, Paul"]
[Result "1/2-1/2"]
[WhiteElo "2024"]
[BlackElo "1970"]
[PlyCount "104"]
[EventDate "2009.10.18"]

1. e4 d5 2. exd5 Qxd5 3. Nc3 Qa5 4. Bc4 Nf6 5. d3 c6 6. h3 Bf5 7. Nf3 e6 8. O-O
Be7 9. Re1 O-O 10. Qe2 Bb4 11. Bd2 Nbd7 12. a3 Bxc3 13. Bxc3 Qc7 14. Nh4 Bg6
15. Nxg6 hxg6 16. Rad1 Nd5 17. Bd2 a5 18. Ba2 Qb6 19. Bc1 Qc7 {(=)} 20. d4 Rfe8
21. Qf3 Nf8 22. Rd3 b5 23. c3 Qb7 24. Bd2 Nb6 25. Re2 Nd5 26. Qg3 Nf6 27. Bb1
b4 28. cxb4 axb4 29. Bxb4 Nd5 30. Bd6 Qb5 31. Red2 Red8 32. Bc5 Nf6 33. Rb3 Qc4
34. Qc3 Qd5 35. Qf3 Qg5 36. Rd1 Nd5 37. Rb7 Nd7 38. Bc2 Rab8 39. Rxb8 Rxb8 40.
b4 Ra8 41. Bd6 N7f6 42. a4 Ne8 43. Bc5 Rb8 44. Rb1 Qd2 45. Qd1 Qg5 46. Qd3 Nec7
47. Bd6 Rb7 48. a5 Nb5 49. Bg3 Qe7 50. Qd2 Na3 51. Rb3 Nxc2 52. Qxc2 Rxb4
1/2-1/2

[Event "Guernsey Open"]
[Site "Guernsey"]
[Date "2009.10.24"]
[Round "7"]
[White "Wessels, Cornelis"]
[Black "Luijendijk, Pieter"]
[Result "1-0"]
[WhiteElo "1993"]
[BlackElo "1720"]
[PlyCount "75"]
[EventDate "2009.10.18"]

1. Nc3 c5 2. e4 d6 3. Nf3 Nc6 4. d4 cxd4 5. Nxd4 Nxd4 6. Qxd4 a6 7. a4 e5 8.
Qd1 Be6 9. Be2 Ne7 10. Bf3 Nc6 11. O-O Be7 12. Be3 h6 13. Nd5 Bxd5 14. Qxd5 Qa5
15. Rfd1 Qxd5 16. Rxd5 Nb4 17. Rd2 O-O 18. c3 Nc6 19. Bb6 Rac8 20. Bg4 f5 21.
Bxf5 Rxf5 22. exf5 Kf7 23. Rad1 Kf6 24. Rxd6+ Bxd6 25. Rxd6+ Kxf5 26. Rd7 Nb4
27. g4+ Kxg4 28. cxb4 Kh3 29. Rd3+ Kg4 30. Kg2 Rc2 31. Rg3+ Kf5 32. Rxg7 Rxb2
33. Rxb7 Rxb4 34. a5 Rg4+ 35. Kh3 Rg5 36. Rf7+ Ke4 37. Kh4 Rg2 38. h3 1-0

[Event "Guernsey Open"]
[Site "Guernsey"]
[Date "2009.10.24"]
[Round "7"]
[White "Burton, Ronnie"]
[Black "Brooker, Chris H"]
[Result "1-0"]
[WhiteElo "2036"]
[BlackElo "1866"]
[PlyCount "53"]
[EventDate "2009.10.18"]

1. d4 Nf6 2. Nf3 e6 3. e3 b6 4. Bd3 Bb7 5. Nbd2 c5 6. b3 cxd4 7. exd4 d5 8. Qe2
Be7 9. Bb2 O-O 10. O-O Nc6 11. a3 Bd6 12. Ne5 Rc8 13. f4 Re8 14. Rf3 g6 15. g4
Bxe5 16. fxe5 Nxg4 17. Rg3 Nh6 18. Rf1 Qd7 19. Qh5 Kg7 20. Nf3 Rh8 21. Bc1 Nf5
22. Bxf5 exf5 23. Qh6+ Kg8 24. Bg5 f6 25. Bxf6 Nd8 26. Rxg6+ hxg6 27. Qxh8+ 1-0

[Event "Guernsey Open"]
[Site "Guernsey"]
[Date "2009.10.24"]
[Round "7"]
[White "Guttridge, David"]
[Black "Livesey, Nigel"]
[Result "1/2-1/2"]
[WhiteElo "1965"]
[BlackElo "1921"]
[PlyCount "62"]
[EventDate "2009.10.18"]

1. d4 d5 2. Nf3 Nf6 3. e3 c5 4. dxc5 Qa5+ 5. Bd2 Qxc5 6. Nc3 Bg4 7. Be2 e6 8.
h3 Bh5 9. Ne5 Bg6 10. Nd3 Qb6 11. O-O Bd6 12. Rc1 O-O 13. Nf4 Be4 14. Kh1 Nc6
15. Nh5 Nxh5 16. Bxh5 Bf5 17. b3 Ba3 18. Na4 Qc7 19. Qe2 Bxc1 20. Rxc1 Qd6 21.
Nc3 a6 22. a4 Nb4 23. e4 dxe4 24. g4 Bg6 25. Bxg6 hxg6 26. Nxe4 Qe7 27. Bg5 Qc7
28. c4 Nc6 29. Bh4 Nd4 30. Qd3 Rad8 31. Bxd8 Rxd8 1/2-1/2

[Event "Guernsey Open"]
[Site "Guernsey"]
[Date "2009.10.24"]
[Round "7"]
[White "Dennis, Nigel W"]
[Black "Reutimann, Hans Peter"]
[Result "1-0"]
[WhiteElo "1957"]
[BlackElo "1812"]
[PlyCount "139"]
[EventDate "2009.10.18"]

1. e4 e6 2. d4 d5 3. Nc3 c5 4. e5 Nc6 5. Bb5 Qb6 6. Nge2 Bd7 7. Bxc6 bxc6 8.
O-O cxd4 9. Qxd4 c5 10. Qg4 Ne7 11. Kh1 Ng6 12. f4 Be7 13. Ng3 O-O-O 14. b3 f5
15. Qe2 Bc6 16. Bd2 Qb7 17. a4 Nh4 18. Nb5 d4 19. Rf2 a6 20. Na3 d3 21. cxd3
Rd4 22. Nc2 Rd7 23. b4 Rhd8 24. b5 Bxg2+ 25. Rxg2 Rxd3 26. Ba5 R8d7 27. Ne1
R3d4 28. bxa6 Qc6 29. Qb5 Qd5 30. Rb1 Qa8 31. Qb7+ Qxb7 32. axb7+ Rxb7 33. Rxb7
Kxb7 34. Rd2 Rxa4 35. Rd7+ Kc6 36. Rxe7 Rxa5 37. Rxe6+ Kb5 38. Kg1 Ng6 39. Ne2
Kc4 40. Re8 Kd5 41. Ng2 Ra7 42. Kf2 Ne7 43. Rd8+ Kc4 44. Ne3+ Kb5 45. Nc3+ Kc6
46. Nc4 Rd7 47. Rxd7 Kxd7 48. Ke3 Kc6 49. Kd3 Ng6 50. Ne2 Ne7 51. Ne3 g6 52.
Kc4 Nc8 53. Nd5 h6 54. Nec3 g5 55. fxg5 hxg5 56. Na4 f4 57. Nxc5 f3 58. Nb4+
Kb6 59. Ne4 g4 60. Nf2 Kc7 61. Nxg4 Nb6+ 62. Kd4 Kd7 63. Ke3 Ke6 64. Kxf3 Kf5
65. Nc2 Nd7 66. Nd4+ Kg6 67. Kf4 Nf8 68. e6 Nh7 69. Ke5 Ng5 70. Nf6 1-0

[Event "Guernsey Open"]
[Site "Guernsey"]
[Date "2009.10.24"]
[Round "7"]
[White "Nicholson, John"]
[Black "Goris Schouwstra, Adry"]
[Result "0-1"]
[WhiteElo "1882"]
[BlackElo "1952"]
[PlyCount "96"]
[EventDate "2009.10.18"]

1. e4 e6 2. d4 d5 3. e5 c5 4. c3 Nc6 5. Nf3 Qb6 6. a3 c4 7. g3 Bd7 8. Bg2 h6 9.
O-O Nge7 10. Nbd2 Na5 11. Re1 O-O-O 12. Rb1 Kb8 13. Bf1 Bc6 14. Bg2 Rc8 15. Bf1
Qc7 16. Bg2 Qd7 17. Bf1 Ba4 18. Qe2 Qc7 19. Bg2 Nf5 20. Bh3 Bc2 21. Ra1 Bd3 22.
Qd1 Ne7 23. Bf1 {(=)} Bxf1 24. Kxf1 Nec6 25. Rb1 Be7 26. Re3 g5 27. b4 cxb3 28.
Nxb3 Nc4 29. Rd3 Nxa3 30. Ra1 Nc4 31. Nfd2 N6a5 32. Nxa5 Nxa5 33. Qa4 b6 34.
Qb5 Ka8 35. Rf3 Rhf8 36. Qd3 g4 37. Re3 Bg5 38. f4 gxf3 39. Rxf3 f6 40. exf6
Rxf6 41. Rxf6 Bxf6 42. Bb2 Bg5 43. Nf3 Nc4 44. Bc1 Bxc1 45. Rxc1 Qf7 46. Kg2
Rf8 47. Rf1 Qe7 48. Qg6 Ne3+ 0-1

[Event "Guernsey Open"]
[Site "Guernsey"]
[Date "2009.10.24"]
[Round "7"]
[White "Fassaert, Desire"]
[Black "Bridel, Jon"]
[Result "1/2-1/2"]
[WhiteElo "1948"]
[BlackElo "1647"]
[PlyCount "66"]
[EventDate "2009.10.18"]

1. g3 e6 2. Bg2 Nf6 3. c4 d5 4. Nf3 Be7 5. O-O O-O 6. d4 b6 7. Nc3 Bb7 8. Re1
Nbd7 9. cxd5 Nxd5 10. e4 Nxc3 11. bxc3 c5 12. Bb2 Re8 13. Qb3 Qc7 14. Rad1 c4
15. Qc2 b5 16. a4 a6 17. axb5 axb5 18. Ra1 h6 19. Reb1 Qc6 20. Ne1 Qb6 21. Bc1
Rxa1 22. Rxa1 Ra8 23. Rxa8+ Bxa8 24. Be3 Qa5 25. Qb2 Nb6 26. Bd2 Bd8 27. Nc2
Be7 28. f3 Bb7 29. Kf2 Ba6 30. Ke1 Qa4 31. Kd1 Qb3 32. Kc1 Qxb2+ 33. Kxb2 Na4+
1/2-1/2

[Event "Guernsey Open"]
[Site "Guernsey"]
[Date "2009.10.24"]
[Round "7"]
[White "Henbest, Kevin"]
[Black "Cummins, John"]
[Result "1/2-1/2"]
[WhiteElo "1746"]
[BlackElo "1898"]
[PlyCount "51"]
[EventDate "2009.10.18"]

1. e4 e5 2. Nf3 Nc6 3. Bb5 Nf6 4. O-O d6 5. Re1 Bd7 6. d4 exd4 7. Nxd4 Be7 8.
Nc3 O-O 9. Bg5 a6 10. Ba4 b5 11. Bb3 Na5 12. a4 Nxb3 13. cxb3 b4 14. Bxf6 Bxf6
15. Nd5 Re8 16. Qd2 Bg5 17. Qd3 c6 18. Ne3 Bf6 19. Rad1 d5 20. exd5 cxd5 21.
Nxd5 Rxe1+ 22. Rxe1 Bxd4 23. Qxd4 Be6 24. Rd1 Rc8 25. Kf1 a5 26. Nb6 1/2-1/2

[Event "Guernsey Holiday 2012"]
[Site "?"]
[Date "2012.10.21"]
[Round "1"]
[White "Hunt, Ray"]
[Black "Gibson, John"]
[Result "1/2-1/2"]
[WhiteElo "1632"]
[BlackElo "1780"]
[PlyCount "63"]
[EventDate "2012.10.21"]

1. Nf3 g6 2. e4 Bg7 3. Be2 d6 4. d3 Nd7 5. Nc3 a6 6. Nd5 c6 7. Ne3 b5 8. O-O
Nb6 9. c3 Qc7 10. h3 Nf6 11. Nh2 O-O 12. Neg4 Bxg4 13. Bxg4 h5 14. Be2 e5 15.
Bd2 d5 16. exd5 cxd5 17. Qc1 Kh7 18. Nf3 Rac8 19. Ng5+ Kh8 20. Kh1 Nh7 21. f4
Nxg5 22. fxg5 Qe7 23. Qd1 e4 24. dxe4 dxe4 25. Be3 Rcd8 26. Qc1 Nd5 27. a4 Nxe3
28. Qxe3 Qe5 29. axb5 axb5 30. Rad1 Rxd1 31. Rxd1 Rb8 32. Rd4 1/2-1/2

[Event "Guernsey Holiday 2012"]
[Site "?"]
[Date "2012.10.21"]
[Round "1"]
[White "Hamann, Marcus"]
[Black "Naldrett, Geoff W"]
[Result "0-1"]
[WhiteElo "1756"]
[BlackElo "1616"]
[PlyCount "140"]
[EventDate "2012.10.21"]

1. e4 c6 2. d4 d5 3. e5 Bf5 4. g4 Be4 5. f3 Bg6 6. h4 h5 7. e6 fxe6 8. g5 Qd6
9. Ne2 Nd7 10. c3 c5 11. Bh3 Bf5 12. Bf4 Qa6 13. Ng3 g6 14. Nxf5 exf5 15. dxc5
e5 16. Bf1 Qe6 17. Be3 Bxc5 18. Bxc5 Nxc5 19. Bb5+ Kf7 20. b4 a6 21. Be2 Nd7
22. Nd2 Ne7 23. O-O f4 24. c4 Qh3 25. Qe1 Nf5 26. Rf2 Qxh4 27. cxd5 Qxg5+ 28.
Rg2 Ng3 29. Ne4 Qh4 30. Nxg3 fxg3 31. Rxg3 Qd4+ 32. Kg2 Qxd5 33. Rd1 Qe6 34.
Bd3 Rhg8 35. Qe4 Qc6 36. Qxc6 bxc6 37. Bc4+ Ke7 38. Bxg8 Rxg8 39. Rc1 Kd6 40.
Kf2 g5 41. Rgg1 Nf6 42. Rc5 g4 43. Rd1+ Nd5 44. Rc4 Rf8 45. Rd3 gxf3 46. Rxf3
Nf4 47. Ke3 h4 {(=)} 48. Ke4 h3 49. Rc2 Rg8 50. Rfc3 Rg2 51. Rxc6+ Ke7 52. Rc7+
Kf6 53. R2c6+ Ne6 54. Rh7 Kg6 55. Rxh3 Kf7 56. Kxe5 Re2+ 57. Kd6 Rd2+ 58. Ke5
Re2+ 59. Kd5 Nf4+ 60. Kc5 Nxh3 61. Rxa6 Nf4 62. b5 Ne6+ 63. Rxe6 Kxe6 64. a4
Kd7 65. Kb6 Kc8 66. a5 Kb8 67. Ka6 Re6+ 68. b6 Ka8 69. Kb5 Re5+ 70. Kc6 Rxa5
0-1

[Event "Guernsey Holiday 2012"]
[Site "?"]
[Date "2012.10.21"]
[Round "1"]
[White "Bakkes, Frits"]
[Black "Collins, Alan"]
[Result "1/2-1/2"]
[WhiteElo "1619"]
[BlackElo "1744"]
[PlyCount "81"]
[EventDate "2012.10.21"]

1. e4 d5 2. exd5 Qxd5 3. d4 c6 4. Nc3 Qa5 5. Bd2 Nf6 6. Nf3 Bf5 7. b4 Qc7 8.
Ne5 Nbd7 9. Bf4 Nxe5 10. Bxe5 Qd8 11. Qf3 e6 12. b5 Nd5 13. Nxd5 cxd5 14. Be2
Qa5+ 15. c3 Rc8 16. O-O Rxc3 17. Qf4 f6 18. Bd6 Bxd6 19. Qxd6 Qc7 20. Qb4 Kf7
21. a4 Rc8 22. a5 Bd3 23. b6 axb6 24. axb6 Qd7 25. Bxd3 Rxd3 26. Rfc1 Rc6 27.
Rc5 Rxc5 28. Qxc5 Rb3 29. Qc2 Rxb6 30. Qxh7 Rc6 31. Qh5+ Kg8 32. h4 Qc8 33. Kh2
b5 34. Qg6 Qb8+ 35. Kh3 Rc7 36. h5 Qf8 37. h6 b4 38. h7+ Kh8 39. Ra6 Re7 40.
Rb6 Qe8 41. Qg4 1/2-1/2